The effect of unexpected interest rate changes on different stock market sectors diplomová práca

Gespeichert in:
Bibliographische Detailangaben
1. Verfasser: Varga, Arthur Csaba
Körperschaften: Národohospodárska fakulta EU. Katedra bankovníctva a medzinárodných financií, Nottingham Trent University. Nottingham Business School
Weitere Verfasser: Kotlebová, Jana, 1969-
Format: Buch
Sprache:Slowakisch
Veröffentlicht: Bratislava 2023
Tags: Tag hinzufügen
Keine Tags, Fügen Sie das erste Tag hinzu!

MARC

LEADER 00000nbm a2200000 4500
001 0293014
005 20231108084211.0
041 0 |a slo 
044 |a SK 
245 1 0 |a The effect of unexpected interest rate changes on different stock market sectors  |b diplomová práca  |c Arthur Csaba Varga ; školiteľ: Jana Kotlebová 
264 1 |a Bratislava  |c 2023 
300 |a 37 s. 
100 1 |a Varga, Arthur Csaba 
700 1 |a Kotlebová, Jana, 1969- 
710 2 |a Národohospodárska fakulta EU. Katedra bankovníctva a medzinárodných financií 
710 2 |a Nottingham Trent University. Nottingham Business School